Opätovné priznanie úrazovej renty a pozostalostnej úrazovej renty

Náhrada za stratu na zárobku po skončení pracovnej neschopnosti alebo pri uznaní invalidity alebo čiastočnej invalidity. Zákon č. 461/2003 Z. z. o sociálnom poistení. Predpismi, podľa ktorých sa posudzovali do 31. decembra 2003 nároky na náhradu za stratu na zárobku, sú zákon č. 65/1965 Zb. Zákonník...

Descrizione completa

Salvato in:
Dettagli Bibliografici
Autore principale: Ganzarčíková, Gabriela
Natura: Capitolo di libro
Lingua:slovacco
Soggetti:
Tags: Aggiungi Tag
Nessun Tag, puoi essere il primo ad aggiungerne!!

MARC

LEADER 00000naa a2200000 4500
001 0136567
005 20220729111747.2
041 0 |a slo 
044 |a SK 
245 1 0 |a Opätovné priznanie úrazovej renty a pozostalostnej úrazovej renty  |c Gabriela Ganzarčíková 
520 |a Náhrada za stratu na zárobku po skončení pracovnej neschopnosti alebo pri uznaní invalidity alebo čiastočnej invalidity. Zákon č. 461/2003 Z. z. o sociálnom poistení. Predpismi, podľa ktorých sa posudzovali do 31. decembra 2003 nároky na náhradu za stratu na zárobku, sú zákon č. 65/1965 Zb. Zákonník práce a zákon č. 311/2001 Z. z. Zákonník práce. 
610 2 0 |a poistenie sociálne 
610 2 0 |a poistenie úrazové 
610 2 0 |a poistenie nemocenské 
610 2 0 |a poistenie v nezamestnanosti 
610 2 0 |a dávky poistné 
610 2 0 |a úrazy pracovné 
610 2 0 |a invalidita 
610 2 0 |a poisťovne sociálne 
610 2 0 |a zákony 
100 1 |a Ganzarčíková, Gabriela